Statistics for NCAA College Basketball Teams Quiz

Click here to take the quiz!

General Stats

  • This quiz has been taken 142,251 times
    (18,985 since last reset)
  • The average score is 168 of 353

Answer Stats

Conference School % Correct
ACCNorth Carolina
92%
ACCDuke
91%
SECFlorida
89%
Big 12Texas
88%
Big TenMichigan
88%
ACCVirginia
87%
Mid-AmericanOhio
86%
SECGeorgia
86%
SECAlabama
85%
Big TenMichigan State
84%
Pac 12Oregon
84%
ACCFlorida State
84%
Pac 12Washington
83%
SECKentucky
83%
Big 12Kansas
83%
Ivy LeagueHarvard
83%
Ivy LeaguePennsylvania
83%
Pac 12UCLA
83%
Pac 12Arizona
82%
Big TenOhio State
82%
ACCMiami
81%
Big 12Oklahoma
81%
Mid-AmericanMiami of Ohio
81%
Big TenIndiana
80%
Big TenIowa
80%
Ivy LeagueYale
80%
SECMississippi
79%
Pac 12California
79%
Big TenIllinois
79%
SECTennessee
79%
SECSouth Carolina
79%
Big TenWisconsin
78%
Big TenMaryland
78%
Pac 12Utah
78%
Big 12Kansas State
78%
Pac 12Arizona State
78%
Pac 12Colorado
78%
SECLSU
78%
Big TenMinnesota
77%
ACCNC State
77%
ACCVirginia Tech
77%
Pac 12Washington State
77%
Pac 12Oregon State
77%
Big TenPenn State
77%
Big 12Oklahoma State
77%
Big 12Texas Tech
76%
Pac 12USC
76%
SECArkansas
76%
SECMissouri
75%
American AthleticConnecticut
75%
ACCClemson
75%
Big 12West Virginia
75%
Big 12Iowa State
75%
Big TenNebraska
75%
ACCSyracuse
75%
ACCGeorgia Tech
74%
Big SkyMontana
74%
ACCBoston College
73%
Mountain WestNew Mexico
73%
SECTexas A&M
72%
ACCPittsburgh
72%
SummitNorth Dakota
72%
SECMississippi State
72%
Big SkyIdaho
72%
ACCNotre Dame
71%
America EastVermont
71%
America EastMaine
71%
Mountain WestNevada
71%
ACCLouisville
71%
Ivy LeaguePrinceton
70%
Ivy LeagueBrown
70%
SummitSouth Dakota
70%
Mountain WestColorado State
70%
Mountain WestUtah State
69%
Pac 12Stanford
69%
Atlantic 10Massachusetts
69%
Big TenRutgers
68%
American AthleticHouston
68%
West CoastSan Diego
68%
Big EastVillanova
68%
Mountain WestWyoming
68%
SECAuburn
68%
Big TenPurdue
68%
Big TenNorthwestern
67%
Big WestHawaii
67%
Mountain WestUNLV
67%
Big 12Baylor
67%
Western AthleticNew Mexico State
66%
ACCWake Forest
66%
Atlantic 10Rhode Island
66%
America EastNew Hampshire
65%
Big EastGeorgetown
65%
American AthleticCincinnati
64%
Ivy LeagueColumbia
64%
American AthleticMemphis
63%
West CoastGonzaga
63%
Sun BeltGeorgia State
63%
Missouri ValleyIndiana State
63%
SummitNorth Dakota State
63%
SummitSouth Dakota State
63%
Ivy LeagueCornell
62%
Ivy LeagueDartmouth
62%
American AthleticCentral Florida
62%
Mountain WestBoise State
62%
Patriot LeagueNavy
62%
SECVanderbilt
62%
West CoastBYU
61%
Patriot LeagueArmy
61%
Big SkyMontana State
61%
Big 12TCU
61%
SouthwesternSouthern
60%
Big SkyIdaho State
60%
Colonial AthleticDelaware
60%
Mountain WestAir Force
60%
Sun BeltArkansas State
59%
Mid-AmericanBuffalo
59%
Missouri ValleyMissouri State
57%
Big EastSt. John's
57%
Big EastXavier
57%
American AthleticSouth Florida
56%
Mountain WestSan Diego State
56%
Sun BeltTexas State
56%
Big EastMarquette
55%
Conference USAUTEP
55%
Big EastProvidence
55%
American AthleticTemple
54%
American AthleticTulsa
54%
SouthwesternAlabama State
54%
West CoastPortland
54%
Missouri ValleyIllinois State
54%
American AthleticTulane
54%
Atlantic 10St. Louis
53%
Big EastButler
53%
Conference USAUTSA
52%
Big EastCreighton
52%
Mid-AmericanWestern Michigan
52%
Patriot LeagueLoyola Maryland
52%
Missouri ValleyLoyola Chicago
52%
Atlantic SunJacksonville
52%
Mid-AmericanEastern Michigan
52%
West CoastLoyola Marymount
52%
Missouri ValleyWichita State
51%
America EastAlbany
51%
West CoastSan Francisco
51%
Horizon LeagueDetroit
50%
Mid-EasternSC State
50%
Ohio ValleyTennessee State
50%
Mid-AmericanAkron
50%
Mid-AmericanCentral Michigan
49%
SummitDenver
49%
Conference USAWestern Kentucky
49%
American AthleticSMU
48%
Atlantic 10Dayton
48%
SouthlandStephen F. Austin
47%
Big EastSeton Hall
47%
Atlantic 10Richmond
47%
Atlantic 10George Washington
47%
Mid-AmericanToledo
47%
American AthleticEast Carolina
46%
Mountain WestFresno State
46%
West CoastSt. Mary's
46%
Conference USAUAB
46%
Western AthleticSeattle U
46%
Big EastDePaul
46%
Atlantic 10VCU
46%
Horizon LeagueWI - Green Bay
45%
Mid-AmericanNorthern Illinois
45%
Conference USALouisiana Tech
45%
Horizon LeagueWI - Milwaukee
45%
Patriot LeagueBoston University
45%
Conference USARice
45%
Sun BeltLA - Lafayette
45%
Mountain WestSan Jose State
44%
America EastUMBC
44%
Big WestUC Irvine
43%
Conference USANorth Texas
43%
Conference USAMarshall
43%
Conference USACharlotte
43%
Horizon LeagueOakland
43%
Conference USAFlorida Intl.
43%
Atlantic 10George Mason
42%
SummitIUPUI
42%
SouthlandNew Orleans
42%
Conference USAFlorida Atlantic
42%
Big SouthNC - Asheville
42%
Mid-AmericanBowling Green
42%
Horizon LeagueCleveland State
42%
Colonial AthleticNortheastern
42%
Mid-EasternDelaware State
41%
Big WestUCSB
41%
Mid-AmericanBall State
41%
Atlantic SunFlorida Gulf Coast
41%
Conference USAMiddle Tenn. State
41%
Atlantic 10Davidson
40%
Colonial AthleticCharleston
40%
Sun BeltGeorgia Southern
40%
Atlantic SunLiberty
40%
Mid-AmericanKent State
40%
Ohio ValleyAustin Peay
39%
Big WestUC Davis
39%
SummitNebraska-Omaha
39%
Missouri ValleySouthern Illinois
39%
Conference USASouthern Miss
39%
Big SkyPortland State
38%
Sun BeltAR - Little Rock
38%
Ohio ValleyEastern Kentucky
38%
Atlantic 10St. Joseph's
38%
Sun BeltLA - Monroe
37%
Big SkyNorthern Arizona
37%
Missouri ValleyNorthern Iowa
37%
Patriot LeagueAmerican
37%
Big SkyE. Washington
36%
Western AthleticMO - Kansas City
36%
Big SouthCoastal Carolina
36%
Ohio ValleyMurray State
36%
Big SkySacramento State
36%
Horizon LeagueNorthern Kentucky
36%
America EastHartford
36%
Colonial AthleticWilliam & Mary
36%
West CoastPepperdine
36%
Sun BeltAppalachian State
36%
Mid-EasternFlorida A&M
35%
SouthwesternGrambling State
35%
Ohio ValleyEastern Illinois
35%
Atlantic SunNorth Florida
35%
Conference USAOld Dominion
35%
SouthernNC Greensboro
34%
Patriot LeagueLafayette
34%
Horizon LeagueYoungstown State
33%
SummitWestern Illinois
33%
Colonial AthleticNC Wilmington
33%
Ohio ValleyTennessee Tech
33%
Patriot LeagueColgate
33%
NortheastLong Island
33%
Atlantic 10Duquesne
33%
Big WestCSU - Fullerton
33%
Colonial AthleticJames Madison
33%
SouthwesternAlabama A&M
33%
Big WestLong Beach State
33%
Western AthleticChicago State
33%
Patriot LeagueLehigh
33%
Atlantic 10Fordham
33%
Big SkyWeber State
33%
SouthernChattanooga
32%
Patriot LeagueBucknell
32%
Sun BeltTroy
32%
Ohio ValleyJacksonville State
32%
SouthernWofford
32%
Metro AtlanticManhattan
32%
Metro AtlanticIona
32%
Sun BeltSouth Alabama
32%
Big WestCal Poly
32%
Missouri ValleyDrake
32%
Big WestUC Riverside
32%
Ohio ValleyBelmont
32%
Atlantic 10St. Bonaventure
32%
Big SkyNorthern Colorado
31%
America EastStony Brook
31%
SouthernVirginia Military
31%
America EastBinghamton
31%
Western AthleticGrand Canyon
31%
Colonial AthleticDrexel
31%
SouthernCitadel
31%
Atlantic SunNJIT
30%
SouthernWestern Carolina
30%
Horizon LeagueIllinois Chicago
30%
Missouri ValleyEvansville
30%
Horizon LeagueValparaiso
30%
Mid-EasternHoward
30%
SouthwesternJackson State
30%
Patriot LeagueHoly Cross
30%
Atlantic 10La Salle
30%
West CoastSanta Clara
29%
Missouri ValleyBradley
29%
SouthwesternTexas Southern
29%
Western AthleticCSU Bakersfield
29%
Big SkySouthern Utah
29%
SouthernFurman
28%
Horizon LeagueWright State
28%
SouthernE. Tennessee State
28%
Metro AtlanticMonmouth
28%
Mid-EasternNC A&T
28%
West CoastPacific
28%
America EastMass-Lowell
28%
Colonial AthleticElon
28%
SouthlandSam Houston State
27%
NortheastCentral Conn. St.
27%
SummitPurdue Fort Wayne
27%
Big SouthHampton
27%
NortheastSt. Francis (PA)
27%
Colonial AthleticHofstra
27%
NortheastSt. Francis (NY)
27%
Big SouthRadford
27%
SouthwesternArkansas Pine Bluff
26%
SummitOral Roberts
26%
Metro AtlanticSt. Peter's
26%
Atlantic SunStetson
26%
Mid-EasternNorfolk State
26%
Metro AtlanticQuinnipiac
26%
Metro AtlanticNiagara
26%
Big WestCSU - Northridge
26%
Big SouthSC Upstate
25%
Big SouthCampbell
25%
Atlantic SunLipscomb
25%
Metro AtlanticSiena
25%
Metro AtlanticRider
25%
Ohio ValleyTennessee Martin
25%
Sun BeltTexas Arlington
25%
Colonial AthleticTowson
25%
Metro AtlanticMarist
25%
NortheastMount St. Mary's
25%
SouthlandCentral Arkansas
25%
SouthwesternAlcorn State
25%
SouthernMercer
25%
SouthlandTAMU Corpus Christi
25%
Mid-EasternMD - Eastern Shore
24%
SouthernSamford
24%
SouthlandAbilene Christian
24%
Metro AtlanticCanisius
24%
Metro AtlanticFairfield
24%
Atlantic SunKennesaw State
24%
Mid-EasternNC Central
24%
Western AthleticUtah Valley
24%
Ohio ValleyMorehead State
24%
NortheastRobert Morris
24%
SouthwesternMiss. Valley State
24%
Big SouthGardner-Webb
23%
Ohio ValleySE Missouri State
23%
Big SouthHigh Point
23%
NortheastFairleigh Dickinson
23%
Big SouthCharleston Southern
23%
SouthwesternPrairie View A&M
23%
SouthlandLamar
22%
Big SouthPresbyterian
22%
Big SouthWinthrop
22%
SouthlandNorthwestern State
22%
Mid-EasternCoppin State
22%
NortheastWagner
22%
NortheastSacred Heart
22%
NortheastBryant
22%
Mid-EasternBethune-Cookman
22%
SouthlandHouston Baptist
22%
Atlantic SunNorth Alabama
21%
Western AthleticTX - Rio Grande Valley
21%
Mid-EasternMorgan State
21%
SouthlandIncarnate Word
21%
SouthlandNicholls State
21%
SouthlandMcNeese State
21%
Big SouthLongwood
21%
Ohio ValleySIU - Edwardsville
20%
SouthlandSE Louisiana
20%
NortheastMerrimack
14%
Western AthleticCalifornia Baptist
14%

Score Distribution

Percentile by Number Answered

Percent of People with Each Score

Your Score History

You have not taken this quiz since the last reset